| 000 | 00662nam a22001937a 4500 | ||
|---|---|---|---|
| 008 | 150930b xxu||||| |||| 00| 0 eng d | ||
| 020 | _a0195080521 | ||
| 041 | 0 | _aeng | |
| 080 | _a658.62 | ||
| 245 | 0 | 4 |
_aThe perpetual enterprise machine _cH. Kent Bowen ... [et al.]. |
| 260 |
_aNew York : _bOxford University Press, _c1994. |
||
| 300 |
_a436 f. : _bme il.; _c25 cm. |
||
| 650 | 0 | _aMenaxhimi i projekteve | |
| 650 | 0 | _aProduktet e reja | |
| 650 | 0 | _aIndustria e prodhimit | |
| 700 | 1 | _aBowen, H. Kent. | |
| 700 | 1 | _aebrary, Inc. | |
| 942 |
_2udc _cBK |
||
| 999 |
_c1192 _d1192 |
||